| 000 | 00867nam a2200241 a 4500 | ||
|---|---|---|---|
| 001 | BRCA_5566 | ||
| 005 | 20190320205132.0 | ||
| 008 | 180211s1948----enka######---#000-0#eng-# | ||
| 041 | _aeng | ||
| 044 | _aenk | ||
| 050 | 4 |
_aNK2542 _b.Ch5 1948 |
|
| 245 | 1 | 0 |
_aChippendale furniture design from the gentleman and cabinet-makers director 1762 _cwith a preface and descriptive notes by R. W. Symonds. |
| 260 |
_aLondres _bA. Tiranti _c1948 |
||
| 300 |
_a24 p. _bil., 80 láminas _c25 cm. |
||
| 500 | _aF41 | ||
| 510 | 4 |
_aA gentleman a cabinet-maker´s director: being a large collection of the most elegant and useful design of household furniture. _b1762 _c3a. ed. |
|
| 650 | 1 | 4 |
_aMuebles Chippendale _914200 |
| 650 | 1 | 4 |
_aMuebles ingleses _99632 |
| 700 | 1 |
_aSymonds, R. W. _ePref. _94493 |
|
| 700 | 1 |
_aChippendale, Thomas _914201 |
|
| 902 | _aGFM | ||
| 942 |
_2lcc _cB |
||
| 999 |
_c5260 _d5260 |
||